02250 2201009 4500001002100000005001500021035002000036007000300056008004100059020002200100082000800122084001400130100002300144245008200167250001500249300003500264500002200299700002400321700002700345600001900372264003100391336002100422337003000443338002300473990001200496990001200508990001200520990001200532990001200544990001200556990001200568990001200580990001200592990001200604990001200616990001200628990001200640990001200652990001200664990001200676990001200688990001200700990001200712990001200724990001200736990001200748990001200760990001200772990001200784990001200796990001200808990001200820990001200832990001200844990001200856990001200868990001200880990001200892990001200904990001200916990001200928990001200940990001200952990001200964990001200976990001200988990001201000990001201012990001201024990001201036990001201048990001201060990001201072990001201084990001201096990001201108990001201120990001201132990001201144990001201156990001201168990001201180990001201192990001201204990001201216990001201228INLIS00000000000030120231030102316 a0010-1023000082ta231030 0 ind  a978-623-257-397-0 a420 a420 LAN t0 aLanny KePengarang1 aTalk Active 1 :bSenior High School/ Vacational High School Year X /cLanny K aed 1 cet 1 aviii, 222 hlm :bilus ;c26 cm aKurikulum Merdeka0 aA. MahdiePengarang0 aRina Dwi IePenyunting 4aBahasa Inggris aBogor :bYudhistira,c2022 2rdacontentateks 2rdamediaatanpa perantara 2rdacarrieravolume a22.0460 a22.0461 a22.0462 a22.0463 a22.0464 a22.0465 a22.0466 a22.0467 a22.0468 a22.0469 a22.0470 a22.0471 a22.0472 a22.0473 a22.0474 a22.0475 a22.0476 a22.0477 a22.0478 a22.0479 a22.0480 a22.0481 a22.0482 a22.0483 a22.0484 a22.0485 a22.0486 a22.0487 a22.0488 a22.0489 a22.0490 a22.0491 a22.0492 a22.0493 a22.0494 a22.0495 a22.0496 a22.0497 a22.0498 a22.0499 a22.0500 a22.0501 a22.0502 a22.0503 a22.0504 a22.0505 a22.0506 a22.0507 a22.0508 a22.0509 a22.0510 a22.0511 a22.0512 a22.0513 a22.0514 a22.0515 a22.0516 a22.0517 a22.0518 a22.0519 a22.0520 a22.0521